000
00333nam a2200145Ia 4500
008
150301s2015 xx 000 0 und d
082
_a
610.7
_b
A15C
100
_a
COOPER, KIM
245
_a
ADULT HEALTH NURSING
250
_a
7TH
260
_b
ELSEVER
_c
2015
300
_a
876
650
_a
ADULT HEALTH NURSING
942
_2
ddc
_c
BK
_0
1
999
_c
6780
_d
6780